[Event "Moscu Open 2009"]
[Site "Moscu RUS"]
[Date "2009.02.02"]
[Round "3.18"]
[White "Onischuk, Vladimir"]
[Black "Zhadanov, Vasili B"]
[Result "1-0"]
[WhiteElo "2488"]
[BlackElo "2233"]
[PlyCount "67"]
[EventDate "2009.01.31"]
[EventType "swiss"]
[EventRounds "9"]
[EventCountry "RUS"]
[Source "lmi"]
[SourceDate "2009.01.31"]

1. e4 e6 2. d4 d5 3. Nc3 Bb4 4. e5 c5 5. a3 Bxc3+ 6. bxc3 Ne7 7. Qg4 O-O 8. Bd3
f5 9. Qg3 Qa5 10. Bd2 Qa4 11. Nf3 c4 12. Be2 Qxc2 13. Rc1 Qa4 14. Bh6 Ng6 15.
h4 Qxa3 16. Kd2 Qe7 17. h5 f4 18. Qg4 gxh6 19. hxg6 Qg7 20. gxh7+ Kh8 21. Qxg7+
Kxg7 22. Rh4 Nc6 23. Rch1 Bd7 24. Rxh6 a5 25. Bd1 b5 26. Bc2 Kh8 27. Ng5 a4 28.
Rf6 Rxf6 29. exf6 Rf8 30. Rh6 a3 31. Rg6 Nd8 32. f7 Nxf7 33. Nxf7+ Kxh7 34.
Rg5# 1-0

[Event "Moscu Open 2009"]
[Site "Moscu RUS"]
[Date "2009.02.02"]
[Round "3.19"]
[White "Tregubov, Andrei"]
[Black "Pushkov, Nikolai"]
[Result "1/2-1/2"]
[WhiteElo "2374"]
[BlackElo "2486"]
[PlyCount "116"]
[EventDate "2009.01.31"]
[EventType "swiss"]
[EventRounds "9"]
[EventCountry "RUS"]
[Source "lmi"]
[SourceDate "2009.01.31"]

1. d4 Nf6 2. c4 e6 3. Nc3 d5 4. Bg5 Be7 5. e3 Nbd7 6. cxd5 exd5 7. Bd3 c6 8.
Qc2 Nh5 9. Bxe7 Qxe7 10. Nge2 Nb6 11. h3 g6 12. g4 Ng7 13. O-O-O h5 14. Rde1
Be6 15. f4 hxg4 16. hxg4 Rxh1 17. Rxh1 O-O-O 18. Rh7 Ne8 19. g5 Bg4 20. Nd1 Qe6
21. f5 Bxf5 22. Bxf5 Qxf5 23. Qxf5+ gxf5 24. Rxf7 Nd6 25. Rg7 Re8 26. g6 Nd7
27. Nf4 Nf6 28. b3 Kd8 29. Kc2 Re7 30. Rxe7 Kxe7 31. Nb2 Ng4 32. Kd3 Kf6 33.
Na4 b6 34. Nc3 Nh6 35. a4 a5 36. Nce2 Ne4 37. Ng1 Ng5 38. Nge2 Ne6 39. Nxe6
Kxe6 40. Nf4+ Kf6 41. Kc3 Ng4 42. Kd2 Nf2 43. Ke2 Ne4 44. Nd3 Kxg6 45. Ne5+ Kf6
46. Nxc6 Ke6 47. Ne5 Nf6 48. Nd3 Ne4 49. Nf4+ Kd6 50. Nh5 Ke6 51. Kd3 Nf2+ 52.
Kd2 Ng4 53. Nf4+ Kd6 54. Nd3 Nf6 55. b4 axb4 56. Nxb4 Ne4+ 57. Kc2 Ng3 58. Kd3
Nh5 1/2-1/2

[Event "Moscu Open 2009"]
[Site "Moscu RUS"]
[Date "2009.02.02"]
[Round "3.21"]
[White "Matvienko, Ivan"]
[Black "Yandemirov, Valeri"]
[Result "0-1"]
[WhiteElo "2276"]
[BlackElo "2474"]
[PlyCount "108"]
[EventDate "2009.01.31"]
[EventType "swiss"]
[EventRounds "9"]
[EventCountry "RUS"]
[Source "lmi"]
[SourceDate "2009.01.31"]

1. e4 e5 2. Nf3 Nc6 3. Bb5 a6 4. Bxc6 dxc6 5. Nc3 f6 6. d4 exd4 7. Nxd4 c5 8.
Nde2 Qxd1+ 9. Nxd1 Be6 10. Bf4 O-O-O 11. Ne3 c4 12. h4 Bc5 13. Ng3 Ne7 14. h5
g5 15. hxg6 hxg6 16. Rxh8 Rxh8 17. Nef1 Nc6 18. Be3 Bb4+ 19. Bd2 Bd6 20. Bc3
Rf8 21. Rd1 b5 22. a3 a5 23. Ne2 b4 24. axb4 axb4 25. Bd4 Nxd4 26. Nxd4 Bf7 27.
Ne3 Re8 28. c3 Rxe4 29. Nc6 bxc3 30. bxc3 Be8 31. Na5 f5 32. Naxc4 Bc5 33. Nd2
Re6 34. Kf1 Bxe3 35. fxe3 Rxe3 36. Re1 Rxe1+ 37. Kxe1 Kd7 38. Ke2 Ke6 39. Ke3
Bc6 40. g3 Bd5 41. Kd4 g5 42. Nf1 Kd6 43. Ne3 c5+ 44. Kd3 Ke5 45. Ke2 Ke4 46.
Kf2 Bf7 47. Ke2 Be6 48. Kf2 Kd3 49. c4 Ke4 50. Nf1 Bxc4 51. Nd2+ Kd3 52. Nf3 g4
53. Ne5+ Kd4 54. Nc6+ Ke4 0-1

[Event "Moscu Open 2009"]
[Site "Moscu RUS"]
[Date "2009.02.03"]
[Round "4.5"]
[White "Onischuk, Vladimir"]
[Black "Svetushkin, Dmitry"]
[Result "0-1"]
[WhiteElo "2488"]
[BlackElo "2593"]
[PlyCount "72"]
[EventDate "2009.01.31"]
[EventType "swiss"]
[EventRounds "9"]
[EventCountry "RUS"]
[Source "lmi"]
[SourceDate "2009.01.31"]

1. e4 e5 2. Nf3 Nc6 3. Bb5 Nf6 4. O-O Bc5 5. Nc3 O-O 6. d3 Re8 7. h3 Nd4 8. Ba4
c6 9. Nxd4 Bxd4 10. Ne2 Bb6 11. Ng3 h6 12. Bb3 d5 13. Qf3 Be6 14. Nf5 Nh7 15.
Qh5 a5 16. a4 Qd7 17. Be3 Nf6 18. Qf3 Bxf5 19. Qxf5 Qxf5 20. exf5 Ra6 21. Rfe1
Bxe3 22. Rxe3 Kf8 23. Rae1 e4 24. dxe4 Rxe4 25. Kf1 Rb6 26. g4 Rbb4 27. f3 Rxe3
28. Rxe3 c5 29. c4 dxc4 30. Bd1 Rxb2 31. Be2 Nd5 32. Re5 c3 33. Bd3 Nb4 34. Bb5
Kg8 35. Rxc5 c2 36. Ke1 Rb1+ 0-1

[Event "Moscu Open 2009"]
[Site "Moscu RUS"]
[Date "2009.02.03"]
[Round "4.6"]
[White "Dvalishvili, Pavel S"]
[Black "Korotylev, Alexey"]
[Result "1/2-1/2"]
[WhiteElo "2480"]
[BlackElo "2587"]
[PlyCount "51"]
[EventDate "2009.01.31"]
[EventType "swiss"]
[EventRounds "9"]
[EventCountry "RUS"]
[Source "lmi"]
[SourceDate "2009.01.31"]

1. e4 c5 2. Nf3 d6 3. d4 cxd4 4. Nxd4 Nf6 5. Nc3 Nc6 6. Bc4 Qb6 7. Nb3 e6 8.
Be3 Qc7 9. Be2 Be7 10. O-O a6 11. a4 b6 12. f4 Bb7 13. Nd2 O-O 14. Nc4 Nd7 15.
Qd2 Nb4 16. a5 b5 17. Nb6 Nxb6 18. Bxb6 Qc8 19. Nxb5 Qxc2 20. Qxb4 Qxe2 21. Nc3
Qg4 22. Bc7 Bc6 23. Qb6 Rfc8 24. Rad1 Be8 25. Bxd6 Bf6 26. Qe3 1/2-1/2

[Event "Moscu Open 2009"]
[Site "Moscu RUS"]
[Date "2009.02.03"]
[Round "4.18"]
[White "Hovhannisyan, Robert"]
[Black "Kurnosov, Igor"]
[Result "0-1"]
[WhiteElo "2402"]
[BlackElo "2602"]
[PlyCount "70"]
[EventDate "2009.01.31"]
[EventType "swiss"]
[EventRounds "9"]
[EventCountry "RUS"]
[Source "lmi"]
[SourceDate "2009.01.31"]

1. e4 c5 2. Nf3 d6 3. d4 cxd4 4. Nxd4 Nf6 5. Nc3 a6 6. Bg5 e6 7. f4 Qc7 8. Bxf6
gxf6 9. Be2 Nc6 10. Nb3 Bd7 11. Bh5 Rg8 12. Qf3 Rg7 13. f5 O-O-O 14. Qh3 Kb8
15. O-O-O Na5 16. Bg4 Nxb3+ 17. axb3 Qa5 18. Kb1 Qe5 19. Rhf1 Rc8 20. Rd2 Be7
21. fxe6 fxe6 22. Rd5 exd5 23. Bxd7 Rc5 24. exd5 Bd8 25. Be6 Ba5 26. Na4 Rxc2
27. Kxc2 Qe2+ 28. Kb1 Qxf1+ 29. Ka2 Rxg2 30. Nc3 Bxc3 31. Qxc3 Rg1 32. b4 Qb1+
33. Kb3 Rc1 34. Qd2 Rd1 35. Qg2 Rd3+ 0-1

[Event "Moscu Open 2009"]
[Site "Moscu RUS"]
[Date "2009.02.03"]
[Round "4.20"]
[White "Vuckovic, Bojan"]
[Black "Gritsenko, Andrey"]
[Result "1/2-1/2"]
[WhiteElo "2576"]
[BlackElo "2403"]
[PlyCount "130"]
[EventDate "2009.01.31"]
[EventType "swiss"]
[EventRounds "9"]
[EventCountry "RUS"]
[Source "lmi"]
[SourceDate "2009.01.31"]

1. e4 c5 2. Nf3 d6 3. d4 cxd4 4. Nxd4 Nf6 5. Nc3 a6 6. Be3 e5 7. Nb3 Be6 8. Qd2
Be7 9. O-O-O O-O 10. f4 Ng4 11. g3 Nxe3 12. Qxe3 Nd7 13. Kb1 b5 14. f5 Bc4 15.
Bxc4 bxc4 16. Nd2 Nb6 17. Qe2 Qc7 18. Nf1 Rab8 19. Ne3 Qb7 20. b3 cxb3 21. cxb3
a5 22. Ned5 Rfc8 23. Rc1 Bg5 24. Nxb6 Qxb6 25. Nd5 Rxc1+ 26. Rxc1 Qa7 27. Rc3
a4 28. b4 a3 29. Qd1 h5 30. h4 Bh6 31. f6 g6 32. Ne7+ Kh7 33. Nc6 Qf2 34. Rxa3
Rb6 35. Rc3 Qxf6 36. a4 Qe6 37. a5 Rb5 38. Qd3 Rb7 39. a6 Rb6 40. a7 Qc8 41.
Qxd6 Qa6 42. Qd8 Qf1+ 43. Kb2 Ra6 44. Na5 Rxa7 45. Qd3 Qxd3 46. Rxd3 f5 47. Nc6
fxe4 48. Rd5 e3 49. Nxa7 e2 50. Rxe5 Bg7 51. Kc2 Bxe5 52. Kd2 e1=Q+ 53. Kxe1
Bxg3+ 54. Kf1 Bxh4 55. b5 Bg3 56. b6 g5 57. Nc6 g4 58. b7 Bc7 59. b8=Q Bxb8 60.
Nxb8 Kg6 61. Nc6 Kg5 62. Nd4 Kf4 63. Kg2 h4 64. Ne2+ Ke3 65. Ng1 Kf4 1/2-1/2

[Event "Moscu Open 2009"]
[Site "Moscu RUS"]
[Date "2009.02.03"]
[Round "4.22"]
[White "Deviatkin, Andrei"]
[Black "Tregubov, Andrei"]
[Result "1-0"]
[WhiteElo "2566"]
[BlackElo "2374"]
[PlyCount "59"]
[EventDate "2009.01.31"]
[EventType "swiss"]
[EventRounds "9"]
[EventCountry "RUS"]
[Source "lmi"]
[SourceDate "2009.01.31"]

1. e4 e6 2. Qe2 c5 3. g3 Nc6 4. Bg2 d6 5. f4 g6 6. Nf3 Bg7 7. O-O Nge7 8. d3
O-O 9. Nbd2 Rb8 10. c3 Qc7 11. Nb3 b6 12. Be3 a5 13. d4 Qa7 14. Qf2 Ba6 15.
Rfd1 Rbd8 16. a4 Nb8 17. Nbd2 Nd7 18. g4 cxd4 19. cxd4 Nc6 20. e5 Nb4 21. Ne4
dxe5 22. dxe5 f6 23. exf6 Bxf6 24. Nxf6+ Nxf6 25. Rxd8 Rxd8 26. Bxb6 Qb8 27.
Bxd8 Qxd8 28. Ne5 Nfd5 29. f5 Qf6 30. Nd7 1-0

[Event "Moscu Open 2009"]
[Site "Moscu RUS"]
[Date "2009.02.04"]
[Round "5.1"]
[White "Inarkiev, Ernesto"]
[Black "Svetushkin, Dmitry"]
[Result "1/2-1/2"]
[WhiteElo "2656"]
[BlackElo "2593"]
[PlyCount "38"]
[EventDate "2009.01.31"]
[EventType "swiss"]
[EventRounds "9"]
[EventCountry "RUS"]
[Source "lmi"]
[SourceDate "2009.01.31"]

1. e4 e5 2. Nf3 Nc6 3. Bb5 Nf6 4. O-O Bc5 5. c3 O-O 6. d4 Bb6 7. dxe5 Nxe4 8.
Qd5 Nc5 9. Na3 d6 10. Bg5 Be6 11. Qd1 Qd7 12. exd6 cxd6 13. Nc2 a6 14. Be2 Bc7
15. Bf4 Ne5 16. Nb4 Rae8 17. Re1 Bf5 18. Nd4 Bg6 19. Bg3 Bb8 1/2-1/2

[Event "Moscu Open 2009"]
[Site "Moscu RUS"]
[Date "2009.02.04"]
[Round "5.6"]
[White "Popov, Ivan"]
[Black "Riazantsev, Alexander"]
[Result "1/2-1/2"]
[WhiteElo "2541"]
[BlackElo "2634"]
[PlyCount "48"]
[EventDate "2009.01.31"]
[EventType "swiss"]
[EventRounds "9"]
[EventCountry "RUS"]
[Source "lmi"]
[SourceDate "2009.01.31"]

1. e4 e6 2. d4 d5 3. Nc3 Nf6 4. Bg5 Be7 5. e5 Nfd7 6. Bxe7 Qxe7 7. f4 O-O 8.
Nf3 c5 9. Qd2 Nc6 10. dxc5 Qxc5 11. O-O-O Nb6 12. h4 Bd7 13. h5 Rfc8 14. h6 g6
15. Rh3 Na5 16. Qd4 Qe7 17. Nh2 Nc6 18. Qd2 f5 19. g4 Kh8 20. gxf5 gxf5 21. Nf3
Na5 22. Ng5 Be8 23. Qd4 Rc7 24. Bd3 Rac8 1/2-1/2

[Event "Moscu Open 2009"]
[Site "Moscu RUS"]
[Date "2009.02.04"]
[Round "5.7"]
[White "Burmakin, Vladimir"]
[Black "Ponkratov, Pavel"]
[Result "1/2-1/2"]
[WhiteElo "2623"]
[BlackElo "2558"]
[PlyCount "88"]
[EventDate "2009.01.31"]
[EventType "swiss"]
[EventRounds "9"]
[EventCountry "RUS"]
[Source "lmi"]
[SourceDate "2009.01.31"]

1. d4 Nf6 2. Nf3 e6 3. g3 c5 4. Bg2 cxd4 5. O-O Qc7 6. Nxd4 a6 7. Nb3 Be7 8.
Bf4 d6 9. c4 Nbd7 10. Na3 Nh5 11. Bd2 Rb8 12. Nd4 O-O 13. b4 Ne5 14. Rc1 Nc6
15. Nb3 Nf6 16. Nc2 Bd7 17. Ne3 Rfc8 18. Nd5 exd5 19. cxd5 Qb6 20. dxc6 Bxc6
21. Bh3 Re8 22. Na5 Be4 23. a3 Qb5 24. f3 Bf5 25. Bxf5 Qxf5 26. e4 Qb5 27. Qc2
Bd8 28. Bf4 Bb6+ 29. Kh1 Bxa5 30. bxa5 Rbd8 31. Qd2 d5 32. Rfd1 h6 33. Bc7 Rc8
34. e5 Nd7 35. f4 Nc5 36. a4 Nxa4 37. Qxd5 Qb2 38. Qd4 Qa3 39. Qd3 Qb2 40. Qc2
Qb4 41. Qd2 Qa3 42. Qd3 Qb4 43. Qd4 Qb5 44. Qd3 Qb2 1/2-1/2

[Event "Moscu Open 2009"]
[Site "Moscu RUS"]
[Date "2009.02.04"]
[Round "5.9"]
[White "Korotylev, Alexey"]
[Black "Ajrapetjan, Yuriy"]
[Result "1/2-1/2"]
[WhiteElo "2587"]
[BlackElo "2490"]
[PlyCount "108"]
[EventDate "2009.01.31"]
[EventType "swiss"]
[EventRounds "9"]
[EventCountry "RUS"]
[Source "lmi"]
[SourceDate "2009.01.31"]

1. d4 Nf6 2. c4 e6 3. Nf3 c5 4. d5 b5 5. Bg5 exd5 6. cxd5 d6 7. e4 a6 8. Bd3
Be7 9. Bf4 Bg4 10. Nbd2 Nbd7 11. h3 Bxf3 12. Nxf3 Qa5+ 13. Bd2 Qb6 14. O-O O-O
15. Re1 Rfe8 16. Rc1 Bf8 17. b4 c4 18. Bb1 Ne5 19. Nxe5 dxe5 20. a4 Bd6 21. a5
Qc7 22. Bc3 Qe7 23. Qd2 Nh5 24. g3 h6 25. Kh2 Rad8 26. Bc2 Qg5 27. Qe2 f5 28.
h4 Qg6 29. exf5 Qf7 30. Be4 Nf6 31. Rcd1 Nxe4 32. Qxe4 Rf8 33. g4 Qe7 34. g5
hxg5 35. Rg1 Bxb4 36. Bxb4 Qxb4 37. hxg5 Qc5 38. Rg2 c3 39. Qh4 Kf7 40. f6 gxf6
41. gxf6 Ke8 42. Qh5+ Kd7 43. Qf5+ Kc7 44. Qxe5+ Qd6 45. f4 Rxf6 46. Qxc3+ Kb8
47. Qe5 Rxf4 48. Qxd6+ Rxd6 49. Rg8+ Kc7 50. Kg3 Rc4 51. Rg7+ Rd7 52. Rg6 Rd6
53. Rg7+ Rd7 54. Rg6 Rd6 1/2-1/2

[Event "Moscu Open 2009"]
[Site "Moscu RUS"]
[Date "2009.02.04"]
[Round "5.11"]
[White "Chuprov, Dmitry"]
[Black "Sargissian, Gabriel"]
[Result "1/2-1/2"]
[WhiteElo "2571"]
[BlackElo "2678"]
[PlyCount "59"]
[EventDate "2009.01.31"]
[EventType "swiss"]
[EventRounds "9"]
[EventCountry "RUS"]
[Source "lmi"]
[SourceDate "2009.01.31"]

1. e4 e5 2. Nf3 Nc6 3. Bb5 a6 4. Ba4 Nf6 5. O-O Be7 6. Re1 b5 7. Bb3 O-O 8. c3
d5 9. exd5 Nxd5 10. Nxe5 Nxe5 11. Rxe5 c6 12. d4 Bd6 13. Re1 Qh4 14. g3 Qh3 15.
Be3 Bg4 16. Qd3 Rae8 17. Nd2 Qh5 18. Qf1 Re7 19. a4 Rfe8 20. axb5 axb5 21. Bxd5
Qxd5 22. f3 Bd7 23. Ne4 Bf5 24. c4 bxc4 25. Nc3 Qe6 26. Bf2 Qd7 27. Rxe7 Bxe7
28. Qxc4 Be6 29. Qa4 Rb8 30. d5 1/2-1/2

[Event "Moscu Open 2009"]
[Site "Moscu RUS"]
[Date "2009.02.04"]
[Round "5.12"]
[White "Safarli, Eltaj"]
[Black "Timofeev, Artyom"]
[Result "0-1"]
[WhiteElo "2564"]
[BlackElo "2671"]
[PlyCount "104"]
[EventDate "2009.01.31"]
[EventType "swiss"]
[EventRounds "9"]
[EventCountry "RUS"]
[Source "lmi"]
[SourceDate "2009.01.31"]

1. e4 c5 2. c3 e6 3. d4 d5 4. exd5 exd5 5. Nf3 Nc6 6. Be3 c4 7. b3 cxb3 8. axb3
Bd6 9. g3 Nf6 10. Bg2 O-O 11. O-O Bf5 12. Nbd2 Qd7 13. Bg5 Ne4 14. Nxe4 Bxe4
15. Nd2 Bxg2 16. Kxg2 Qf5 17. Be3 a6 18. Qf3 Ne7 19. Qxf5 Nxf5 20. Ra5 Ne7 21.
Bg5 f6 22. Bf4 Bxf4 23. gxf4 Rfc8 24. Rc1 b6 25. Raa1 a5 26. Nf1 b5 27. Ne3 Kf7
28. Ra2 Ra6 29. Kf3 Ke6 30. Ke2 Nc6 31. Kd2 Rd8 32. Kd3 Ra7 33. Re2 Kf7 34. Ra2
Rc7 35. Kd2 Rcd7 36. Rb2 Re8 37. Kd3 b4 38. c4 Re4 39. cxd5 Rxd4+ 40. Ke2 Nd8
41. f5 Nb7 42. Rbc2 Nd6 43. Rc7 Ke7 44. R1c6 Nb5 45. Re6+ Kd8 46. Rxd7+ Kxd7
47. Ra6 a4 48. bxa4 b3 49. Rb6 Rb4 50. Nc4 b2 51. Rb7+ Kd8 52. Nxb2 Nd4+ 0-1

[Event "Moscu Open 2009"]
[Site "Moscu RUS"]
[Date "2009.02.04"]
[Round "5.14"]
[White "Sjugirov, Sanan"]
[Black "Lastin, Alexander"]
[Result "1/2-1/2"]
[WhiteElo "2562"]
[BlackElo "2643"]
[PlyCount "172"]
[EventDate "2009.01.31"]
[EventType "swiss"]
[EventRounds "9"]
[EventCountry "RUS"]
[Source "lmi"]
[SourceDate "2009.01.31"]

1. e4 c6 2. d4 d5 3. e5 Bf5 4. Nf3 e6 5. Be2 Nd7 6. O-O Ne7 7. c3 h6 8. Nbd2
Bh7 9. Ne1 c5 10. Ndf3 c4 11. g3 Nc6 12. Nh4 Be7 13. Nhg2 b5 14. f4 b4 15. Nc2
bxc3 16. bxc3 Qa5 17. Bd2 Be4 18. Bf3 Bd3 19. Be2 Be4 20. Nge3 O-O 21. f5 exf5
22. Nxf5 Qa4 23. Rc1 Rae8 24. Bh5 Ndxe5 25. Nxe7+ Rxe7 26. dxe5 Nxe5 27. Nd4
Qxa2 28. Ra1 Qb2 29. Qc1 Rb8 30. Be2 f6 31. Qxb2 Rxb2 32. Bc1 Rb6 33. Ba3 Rd7
34. Bc5 Rbb7 35. Ra5 Bd3 36. Rfa1 Rb2 37. R5a2 Rdb7 38. Bb4 Rxa2 39. Rxa2 Bxe2
40. Nxe2 Nd3 41. Bd6 g5 42. g4 Kf7 43. Kg2 Kg6 44. h3 h5 45. Bh2 hxg4 46. hxg4
Re7 47. Ng3 Ne1+ 48. Kf2 Nd3+ 49. Kg2 Ne1+ 50. Kf1 Nf3 51. Bg1 Ne5 52. Nf5 Rb7
53. Ne3 d4 54. cxd4 c3 55. Rc2 Nf3 56. Bf2 Nxd4 57. Rxc3 a5 58. Nc4 Ne6 59.
Nxa5 Rb1+ 60. Be1 f5 61. Rc6 Kf6 62. gxf5 Kxf5 63. Rc3 g4 64. Nc4 Ng5 65. Ne3+
Kf4 66. Ng2+ Kf5 67. Rc5+ Kf6 68. Rc6+ Ke5 69. Kf2 Ne4+ 70. Ke2 Rb2+ 71. Kf1
Rb1 72. Ra6 g3 73. Ke2 Rb3 74. Ra8 Kd4 75. Rd8+ Ke5 76. Ne3 Kf4 77. Rf8+ Ke5
78. Ng4+ Ke6 79. Re8+ Kf5 80. Ne3+ Kf4 81. Rf8+ Ke5 82. Rf3 Rb2+ 83. Kf1 Rf2+
84. Bxf2 Nd2+ 85. Ke2 Nxf3 86. Bxg3+ Ke4 1/2-1/2

[Event "Moscu Open 2009"]
[Site "Moscu RUS"]
[Date "2009.02.04"]
[Round "5.15"]
[White "Aleksandrov, Aleksej"]
[Black "Zinchenko, Yaroslav"]
[Result "1/2-1/2"]
[WhiteElo "2636"]
[BlackElo "2527"]
[PlyCount "88"]
[EventDate "2009.01.31"]
[EventType "swiss"]
[EventRounds "9"]
[EventCountry "RUS"]
[Source "lmi"]
[SourceDate "2009.01.31"]

1. d4 Nf6 2. c4 g6 3. Nc3 d5 4. Qb3 dxc4 5. Qxc4 Bg7 6. e4 O-O 7. Be2 Nfd7 8.
Be3 Nb6 9. Qd3 f5 10. Rd1 f4 11. Bc1 e5 12. d5 c6 13. Nf3 cxd5 14. Nxd5 Nxd5
15. Qb3 Kh8 16. Bc4 Nc6 17. Bxd5 Qe7 18. Bd2 Bg4 19. Bxc6 bxc6 20. Bb4 c5 21.
Bc3 Rae8 22. h3 Bc8 23. Kd2 Rd8+ 24. Kc1 Rd4 25. Bxd4 exd4 26. Rhe1 Be6 27. Qa3
Rd8 28. Re2 Qc7 29. e5 Qb6 30. Ng5 Bd5 31. e6 Re8 32. Rc2 Bf8 33. Qd3 Bxa2 34.
Qe4 Bg7 35. Qxf4 Bb3 36. Qf7 Rf8 37. Qd7 Qa5 38. Nf7+ Kg8 39. e7 Bxf7 40.
exf8=Q+ Bxf8 41. f4 Bb3 42. Qe8 Qa1+ 43. Kd2 Qa5+ 44. Kc1 Qa1+ 1/2-1/2

[Event "Moscu Open 2009"]
[Site "Moscu RUS"]
[Date "2009.02.04"]
[Round "5.18"]
[White "Belov, Vladimir"]
[Black "Nikolenko, Oleg"]
[Result "1/2-1/2"]
[WhiteElo "2627"]
[BlackElo "2511"]
[PlyCount "29"]
[EventDate "2009.01.31"]
[EventType "swiss"]
[EventRounds "9"]
[EventCountry "RUS"]
[Source "lmi"]
[SourceDate "2009.01.31"]

1. e4 e6 2. d4 d5 3. Nc3 Be7 4. Nf3 Nf6 5. Bd3 c5 6. exd5 exd5 7. dxc5 O-O 8.
Be3 Nbd7 9. O-O Nxc5 10. h3 Re8 11. Bd4 Bd7 12. Re1 Bc6 13. Rb1 a6 14. Bf1 Ne6
15. Be3 1/2-1/2

[Event "Moscu Open 2009"]
[Site "Moscu RUS"]
[Date "2009.02.04"]
[Round "5.19"]
[White "Geller, Jakov"]
[Black "Volkov, Sergey"]
[Result "0-1"]
[WhiteElo "2523"]
[BlackElo "2627"]
[PlyCount "166"]
[EventDate "2009.01.31"]
[EventType "swiss"]
[EventRounds "9"]
[EventCountry "RUS"]
[Source "lmi"]
[SourceDate "2009.01.31"]

1. d4 d5 2. c4 c6 3. Nc3 Nf6 4. e3 a6 5. Bd3 Bg4 6. Nge2 e6 7. O-O Nbd7 8. Qc2
dxc4 9. Bxc4 c5 10. f3 Bh5 11. dxc5 Bxc5 12. Nf4 Bg6 13. Qe2 Ne5 14. Kh1 b5 15.
Rd1 Qb6 16. Bb3 O-O 17. e4 Rfd8 18. Nd3 Nxd3 19. Rxd3 Rxd3 20. Qxd3 Rd8 21. Qe2
Bd4 22. Bg5 b4 23. Nd1 h6 24. Be3 Nh5 25. Bxd4 Qxd4 26. Qe3 Qe5 27. Rb1 Nf4 28.
Nf2 Qg5 29. g3 Nd3 30. Qxg5 hxg5 31. Kg2 Nc5 32. Rd1 Rxd1 33. Bxd1 a5 34. Bc2
Kf8 35. Nd3 Nd7 36. Kf2 g4 37. Nf4 gxf3 38. Nxg6+ fxg6 39. Kxf3 Ke7 40. Ke3 e5
41. Kd3 Nb6 42. h4 Kd6 43. Bb3 Kc5 44. a3 bxa3 45. bxa3 Kb5 46. g4 g5 47. hxg5
Nd7 48. Kc3 Nc5 49. Bd5 Na4+ 50. Kb3 Nb6 51. Be6 Kc5 52. Kc3 Na8 53. Bd5 Nc7
54. Bc4 Ne8 55. Bd5 Nd6 56. Kb3 Kd4 57. Ka4 Nxe4 58. Bc6 Nc3+ 59. Kxa5 e4 60.
Bxe4 Nxe4 61. Kb6 Nc3 62. g6 Kd5 63. Kc7 Ke5 64. Kc6 Kf6 65. Kc5 Kxg6 66. Kb4
Nd5+ 67. Kc5 Nc3 68. Kb4 Ne4 69. a4 Kf6 70. a5 Nd6 71. a6 Nc8 72. Kc5 Ke7 73.
Kc6 Kd8 74. g5 g6 75. Kb7 Kd7 76. Kb8 Ne7 77. Kb7 Nc6 78. Kb6 Kd6 79. Kb7 Kc5
80. Kc7 Kb5 81. Kd6 Kb6 82. a7 Nxa7 83. Ke6 Nc6 0-1

[Event "Moscu Open 2009"]
[Site "Moscu RUS"]
[Date "2009.02.04"]
[Round "5.20"]
[White "Kuzubov, Yuriy"]
[Black "Tunik, Gennady"]
[Result "1-0"]
[WhiteElo "2626"]
[BlackElo "2506"]
[PlyCount "77"]
[EventDate "2009.01.31"]
[EventType "swiss"]
[EventRounds "9"]
[EventCountry "RUS"]
[Source "lmi"]
[SourceDate "2009.01.31"]

1. Nf3 Nf6 2. c4 e6 3. Nc3 Bb4 4. Qc2 O-O 5. a3 Bxc3 6. Qxc3 d6 7. e3 b6 8. Be2
Bb7 9. O-O Nbd7 10. b4 Qe7 11. Bb2 c5 12. d4 Rfc8 13. Rfd1 a5 14. Qb3 Qf8 15.
dxc5 bxc5 16. b5 a4 17. Qc2 Rd8 18. Rac1 Qe7 19. Bd3 Nf8 20. Nd2 Ng6 21. Ne4
Ng4 22. h3 Nh6 23. Ng3 f5 24. f4 Nh4 25. Bf1 e5 26. Qf2 g5 27. Rd5 Bxd5 28.
cxd5 Ng6 29. fxe5 Nxe5 30. Nxf5 Nxf5 31. Qxf5 Re8 32. Be2 Qg7 33. Bc3 Re7 34.
Bg4 Qh6 35. Qe4 Rf8 36. Be6+ Kh8 37. Bxe5+ dxe5 38. Qxe5+ Rg7 39. b6 1-0

[Event "Moscu Open 2009"]
[Site "Moscu RUS"]
[Date "2009.02.04"]
[Round "5.22"]
[White "Kabanov, Nikolai"]
[Black "Lysyj, Igor"]
[Result "1/2-1/2"]
[WhiteElo "2502"]
[BlackElo "2620"]
[PlyCount "110"]
[EventDate "2009.01.31"]
[EventType "swiss"]
[EventRounds "9"]
[EventCountry "RUS"]
[Source "lmi"]
[SourceDate "2009.01.31"]

1. e4 e6 2. d4 d5 3. Nc3 Nf6 4. e5 Nfd7 5. f4 c5 6. Nf3 Nc6 7. Be3 Be7 8. Qd2
a6 9. Be2 b5 10. a3 Bb7 11. O-O Qc7 12. Nd1 f5 13. Kh1 cxd4 14. Nxd4 Nxd4 15.
Bxd4 Nc5 16. Qe3 Ne4 17. Nf2 O-O 18. Rac1 Bc6 19. Nxe4 dxe4 20. c4 b4 21. axb4
Bxb4 22. Bb6 Bd2 23. Qxd2 Qxb6 24. Qd6 Rfe8 25. Qa3 Rab8 26. b4 Qxb4 27. Qxa6
Qc5 28. Qa1 Ra8 29. Qc3 Ra2 30. Rc2 Rea8 31. Qd2 Rxc2 32. Qxc2 Qe3 33. Qd1 Ba4
34. Qe1 Bb3 35. Rg1 Bc2 36. Rf1 Bb3 37. h3 h6 38. c5 Qxc5 39. Bh5 Bd5 40. Qg3
e3 41. Re1 Ra2 42. Bf3 Bxf3 43. Qxf3 Ra3 44. Kh2 Kh7 45. h4 Qe7 46. Qg3 h5 47.
Re2 Qd8 48. Qg5 Qxg5 49. hxg5 h4 50. g3 hxg3+ 51. Kxg3 Kg6 52. Kf3 Rb3 53. Kg3
Kf7 54. Kf3 Kg6 55. Kg3 Ra3 1/2-1/2

[Event "Moscu Open 2009"]
[Site "Moscu RUS"]
[Date "2009.02.04"]
[Round "5.23"]
[White "Krapivin, Alexander"]
[Black "Sakaev, Konstantin"]
[Result "0-1"]
[WhiteElo "2501"]
[BlackElo "2619"]
[PlyCount "74"]
[EventDate "2009.01.31"]
[EventType "swiss"]
[EventRounds "9"]
[EventCountry "RUS"]
[Source "lmi"]
[SourceDate "2009.01.31"]

1. e4 c5 2. Nc3 Nc6 3. g3 g6 4. Bg2 Bg7 5. d3 d6 6. Be3 Rb8 7. Qd2 b5 8. f4 b4
9. Nd1 e6 10. Nf3 Nge7 11. O-O O-O 12. c3 bxc3 13. bxc3 Qa5 14. Rc1 Ba6 15. g4
Qa3 16. f5 exf5 17. gxf5 gxf5 18. exf5 Nxf5 19. Ng5 Nce7 20. Bf4 h6 21. Ne4 Rb6
22. Ng3 d5 23. Nxf5 Nxf5 24. Bxd5 Rg6+ 25. Kh1 Rd8 26. Be4 Rxd3 27. Qf2 Qa4 28.
Re1 Nd6 29. Bxd6 Rdxd6 30. Qxc5 Rde6 31. Nf2 Rxe4 32. Rxe4 Bb7 33. Qe7 Bc6 34.
Rg1 Re6 35. Qd8+ Kh7 36. Rgg4 Bxe4+ 37. Nxe4 Rxe4 0-1

[Event "Moscu Open 2009"]
[Site "Moscu RUS"]
[Date "2009.02.04"]
[Round "5.24"]
[White "Andreikin, Dmitry"]
[Black "Onischuk, Vladimir"]
[Result "1-0"]
[WhiteElo "2614"]
[BlackElo "2488"]
[PlyCount "116"]
[EventDate "2009.01.31"]
[EventType "swiss"]
[EventRounds "9"]
[EventCountry "RUS"]
[Source "lmi"]
[SourceDate "2009.01.31"]

1. e4 c5 2. Ne2 d6 3. g3 e5 4. Bg2 g6 5. c3 Bg7 6. d4 Ne7 7. Be3 Nd7 8. O-O O-O
9. Na3 b6 10. Nb5 Nf6 11. dxc5 dxc5 12. Qc2 Nc6 13. f4 Qe7 14. Rad1 Be6 15. f5
Bc4 16. Na3 Ba6 17. h3 h6 18. Rfe1 Rad8 19. g4 Rxd1 20. Rxd1 Rd8 21. Ng3 Rxd1+
22. Qxd1 Qd8 23. Qa4 Bb7 24. fxg6 fxg6 25. Bxc5 Bf8 26. Be3 Nd7 27. b4 Kg7 28.
Nc2 Be7 29. Bf2 Nf8 30. Ne3 Ne6 31. Qd1 Qe8 32. h4 Nf4 33. h5 Qd8 34. Nd5 Bh4
35. hxg6 Bxg3 36. Bxg3 Nxg6 37. Qe2 Qg5 38. Ne3 Nf4 39. Qf3 Ne7 40. Kh2 h5 41.
gxh5 Kh7 42. Bxf4 exf4 43. Nd5 Bxd5 44. exd5 Nf5 45. Bh3 Nd6 46. Qg4 Kh6 47.
Kg1 Qxh5 48. Qxf4+ Qg5+ 49. Qxg5+ Kxg5 50. Bg2 Kf4 51. Kf2 Ke5 52. a4 a6 53.
Ke2 Nc4 54. Kd3 b5 55. a5 Nd6 56. Bf3 Nc4 57. Bg4 Nd6 58. Be6 Ne8 1-0